[Event "GER-ch U10"]
[Site "Willingen"]
[Date "2017.06.07"]
[Round "7"]
[White "Willsch, Justin"]
[Black "Fuchs, Thomas1111"]
[Result "0-1"]
[WhiteElo "1221"]
[BlackElo "1366"]
[PlyCount "228"]
[EventDate "2017.06.04"]
[EventType "swiss"]
[EventRounds "11"]
[EventCountry "GER"]
[SourceTitle "CBM 178 Extra"]
[Source "ChessBase"]
[SourceDate "2017.06.22"]
[SourceVersion "1"]
[SourceVersionDate "2017.06.22"]
[SourceQuality "1"]

1. d4 Nf6 2. c4 c5 3. Nf3 cxd4 4. Nxd4 g6 5. g3 Nc6 6. Bg2 Bg7 7. 0-0 0-0 8. Nf3 d6 9. Nc3 Bf5 10. Bf4 Qb6 11. Qd2 Rac8 12. Be3 Qa5 13. Nb5 Qxd2 14. Nxd2 a6 15. Nc3 Na5 16. b3 Nd7 17. Rac1 b5 18. Nd5 Rfe8 19. cxb5 Rxc1 20. Rxc1 axb5 21. Nf3 Nf6 22. Nxf6+ Bxf6 23. Nd4 Bd7 24. Rc7 e5 25. Nc2 Bf5 26. Bd2 Bd8 27. Ra7 Nxb3 28. axb3 Bxc2 29. b4 Bd1 30. Kf1 Bb3 31. Bc6 Rf8 32. Bxb5 Bd5 33. Rd7 Be6 34. Rxd6 Be7 35. Rb6 Ra8 36. Bd3 Bh3+ 37. Ke1 Ra1+ 38. Bc1 Rxc1+ 39. Kd2 Rc7 40. b5 Bg5+ 41. e3 Bd8 42. Rb8 Rc8 43. Rb7 Bg2 44. Ra7 f5 45. Rd7 Ba5+ 46. Kd1 Bf3+ 47. Be2 Be4 48. Re7 Bc2+ 49. Kc1 Bd3+ 50. Kd1 Bxe2+ 51. Kxe2 Rc5 52. Rb7 e4 53. Rb8+ Kg7 54. b6 Rb5 55. b7 Bc7 56. Re8 Rxb7 57. Re7+ Kh6 58. Kd1 Ra7 59. Kc1 Bb6 60. Re6 Bd8 61. Rd6 Be7 62. Re6 Kg5 63. h3 h5 64. h4+ Kh6 65. Kd1 Ra1+ 66. Ke2 Ra2+ 67. Kf1 Bd8 68. Rd6 Ba5 69. Ra6 Ra1+ 70. Kg2 Bc3 71. Rc6 Bg7 72. Rc7 Ra6 73. Kg1 Ra8 74. Kg2 Rg8 75. Rc6 Rf8 76. Kg1 Bf6 77. Kg2 g5 78. hxg5+ Kxg5 79. Kh3 Rh8 80. Rc5 Re8 81. Rc2 Rd8 82. Re2 Rh8 83. Rc2 h4 84. gxh4+ Rxh4+ 85. Kg3 Be5+ 86. Kg2 Kg4 87. Rc5 Bh2 88. Rc8 f4 89. Rg8+ Kf5 90. Rf8+ Kg6 91. Re8 f3+ 92. Kf1 Rg4 93. Rg8+ Kf5 94. Rf8+ Ke6 95. Ke1 Rg1+ 96. Kd2 Kd5 97. Rd8+ Bd6 98. Rd7 Ke6 99. Rb7 Kd5 100. Rd7 Kc6 101. Rf7 Rg2 102. Ke1 Rg1+ 103. Kd2 Bb4+ 104. Kc2 Rf1 105. Rf6+ Bd6 106. Kc3 Rxf2 107. Kd4 Ra2 108. Kxe4 f2 109. Kd3 Kd5 110. e4+ Ke5 111. Rf5+ Ke6 112. Ke3 Bc5+ 113. Kd3 Ra1 114. Ke2 Re1+ 0-1

[Event "GER-ch U10"]
[Site "Willingen"]
[Date "2017.06.04"]
[Round "2"]
[White "Prizker, Maximilian"]
[Black "Willsch, Justin"]
[Result "0-1"]
[WhiteElo "1016"]
[BlackElo "1221"]
[PlyCount "56"]
[EventDate "2017.06.04"]
[EventType "swiss"]
[EventRounds "11"]
[EventCountry "GER"]
[SourceTitle "CBM 178 Extra"]
[Source "ChessBase"]
[SourceDate "2017.06.22"]
[SourceVersion "1"]
[SourceVersionDate "2017.06.22"]
[SourceQuality "1"]

1. e4 e6 2. Nf3 d5 3. exd5 exd5 4. d4 Bd6 5. Bd3 Ne7 6. 0-0 0-0 7. Nc3 c6 8. Re1 Bg4 9. Be2 Qc7 10. h3 Bh5 11. Bd2 Nf5 12. g4 Bg6 13. gxf5 Bxf5 14. Kg2 Qd7 15. Rh1 Re8 16. Be3 h6 17. Ng1 Re6 18. Kf1 Re8 19. Bg4 Bxg4 20. Qxg4 Qe7 21. Re1 Qf6 22. Nf3 Na6 23. Qh4 Qxf3 24. Rg1 Qf5 25. Qxh6 g6 26. Rg5 Qxc2 27. h4 Bf8 28. Rc1 Qd3+ 0-1